Cell Biology (Record no. 395106)

MARC details
000 -LEADER
fixed length control field 00605 a2200241 4500
005 - DATE & TIME
control field 20260417114220.0
008 - FIXED-LENGTH DATA ELEMENTS--GENERAL INFORMATION
fixed length control field 260416b |||||||| |||| 00| 0 eng d
020 ## - ISBN
International Standard Book Number 9780323758017
Price $ 62.99
040 ## - CATALOGING SOURCE
Original cataloging agency VIVEKANANDA LIBRARY
082 ## - DDC NUMBER
Classification number 571.6
Book Number P761C(4)
100 ## - MAIN ENTRY--PERSONAL NAME
Personal name Pollard, Thomas D
245 ## - TITLE STATEMENT
Title Cell Biology
250 ## - EDITION STATEMENT
Edition statement 4th
260 ## - PUBLICATION, DISTRIBUTION, ETC. (IMPRINT)
Name of publisher, distributor, etc Elsevier
Date of publication, distribution, etc 2024
Place of publication, distribution, etc Philadelphia
300 ## - PHYSICAL DESCRIPTION
Pages xi, 932
650 ## - Subject
Subject Biology
650 ## - Subject
Subject Cell Biology
650 ## - Subject
Subject Molecular Biology
700 ## - Added Entry Personal Name
Added Entry Personal Name Earnshaw, William D
700 ## - Added Entry Personal Name
Added Entry Personal Name Schwartz, Jennifer Lippincott
700 ## - Added Entry Personal Name
Added Entry Personal Name Johnson, Graham T
942 ## - ADDED ENTRY ELEMENTS (KOHA)
Koha item type Books
Holdings
Withdrawn status Lost status Source of classification or shelving scheme Damaged status Not for loan Location (home branch) Sublocation or collection (holding branch) Shelving location Date acquired Koha issues (times borrowed) Koha full call number Accession No. Koha date last seen Koha item type
    Dewey Decimal Classification     VIVEKANANDA LIBRARY VIVEKANANDA LIBRARY Vivekananda Library 13/03/2026   571.6 P761C(4) 438768 13/03/2026 Books
© Designed and Maintained by Vivekananda Library, MDU Rohtak